000 00585nam a2200217Ia 4500
005 20250508164433.0
008 008 250505s9999 xx 000 0 hin d
020 _a81-7675-087-5
037 _aTextual
040 _aFEDL
_beng
_cFEDL
041 _ahin
_2eng
084 _a370.19, BHA
_qFEDL
100 _aBhadu Rajaram
_9410207
245 0 _aShiksha ke samajik sarokar
260 _aPanchkula
_bAadhar Parkashan
_c2003
300 _a136p.
365 _aINR
_b150
650 _aEducation - Sociology
942 _cTEXL
_h370.19, BHA
999 _c1389137
_d1389137